Príspevok k riešeniu stochastických úloh na analógovom počítači MEDA 41 TC

Bibliographic Details
Main Author: Drabant, Štefan, 1944- (Author)
Format: Article
Language:Slovak
Subjects:

MARC

LEADER 00000nab a2200000 a 4500
001 vtls000153382
003 SK-MaSNL
005 20260304013334.0
008 140429c1982 xo 0 slo
015 |a SNBRA19rr/mm-uuuuu 
035 |a CL0163489 
040 |a SNKBUCL  |b slo  |c SNKBUCL  |e AACR2 
041 0 |a slo 
044 |a xo  |c SK 
080 |a 519.216  |2 1981 
080 |a 631.3.001.24  |2 1981 
080 |a 681.3  |2 1981 
100 1 |a Drabant, Štefan,  |d 1944-  |4 aut  |9 114371 
245 1 0 |a Príspevok k riešeniu stochastických úloh na analógovom počítači MEDA 41 TC  |c Š. Drabant 
300 |b Grafy 2. Sch. 10. Res. rus., angl., lit. 5 zázn. 
650 0 7 |a poľnohospodárske stroje  |2 snkbucl  |9 3574 
650 0 7 |a stochastické procesy  |2 snkbucl  |9 69219 
650 0 7 |a analógové počítače  |2 snkbucl  |9 49756 
655 7 |a články zo zborníkov  |2 snkbucl  |9 166140 
773 0 |t Acta technologica Universitatis agriculturae Nitra 23  |d Bratislava : Príroda, 1982  |g S. 51-65 
850 |a Slovenská národná knižnica v Martine  |a MTA001 
852 |a SNK  |b KIS3GCP 
958 |a RK 
992 |a RZB 
999 |c 2575367  |d 2577297